BHAVAN'S NAVNEET - HINDI - OCTOBER 2020 (Record no. 4857)

MARC details
000 -LEADER
fixed length control field 00177nam a22000857a 4500
082 ## - DEWEY DECIMAL CLASSIFICATION NUMBER
Classification number 050
245 ## - TITLE STATEMENT
Title BHAVAN'S NAVNEET - HINDI - OCTOBER 2020
490 ## - SERIES STATEMENT
Series statement OCTOBER 2020
942 ## - ADDED ENTRY ELEMENTS (KOHA)
Koha item type Magazine

No items available.

analytics